Southville International School and Colleges
Your cart is empty.
  • Cart
  • Lists
    Public lists Eva Luna New books Lux_list list_1
    Your lists Log in to create your own lists
  • Log in to your account
  • Your cookies
  • Search history
Southville International School and Colleges
  • Advanced search
  • Recent comments
  • Most popular
  • Libraries

Log in to your account

Log in with GOOGLE


If you do not have an external account, but do have a local account, you can still log in:

  1. Home
  2. MARC view: Anyone can draw :
Normal view MARC view ISBD view

Anyone can draw : (Record no. 10334)

[ view plain ]
MARC details
000 -LEADER
fixed length control field 00530nam a22001937a 4500
003 - CONTROL NUMBER IDENTIFIER
control field SISC
005 - DATE AND TIME OF LATEST TRANSACTION
control field 20160315141446.0
008 - FIXED-LENGTH DATA ELEMENTS--GENERAL INFORMATION
fixed length control field 130904t xxu||||| |||| 00| 0 eng d
020 ## - INTERNATIONAL STANDARD BOOK NUMBER
International Standard Book Number 0716020645
050 ## - LIBRARY OF CONGRESS CALL NUMBER
Classification number NC 710
Item number .L757 1996
082 ## - DEWEY DECIMAL CLASSIFICATION NUMBER
Classification number HS 704.94
Item number L64 1996
100 ## - MAIN ENTRY--PERSONAL NAME
Personal name Linley, Mark
9 (RLIN) 12672
245 ## - TITLE STATEMENT
Title Anyone can draw :
Remainder of title it's child play /
Statement of responsibility, etc Mark Linley.
260 ## - PUBLICATION, DISTRIBUTION, ETC. (IMPRINT)
Place of publication, distribution, etc U.K :
Name of publisher, distributor, etc Right way books,
Date of publication, distribution, etc c1996.
300 ## - PHYSICAL DESCRIPTION
Extent 126 p. :
Other physical details ill. ;
Dimensions 20 cm.
650 ## - SUBJECT ADDED ENTRY--TOPICAL TERM
Topical term or geographic name as entry element Drawing.
9 (RLIN) 15957
942 ## - ADDED ENTRY ELEMENTS (KOHA)
Source of classification or shelving scheme Library of Congress Classification
Koha item type Books
Holdings
Withdrawn status Lost status Source of classification or shelving scheme Damaged status Home library Current library Shelving location Date acquired Total Checkouts Full call number Barcode Date last seen Copy number Price effective from Koha item type
    Library of Congress Classification   Luxembourg Library Luxembourg Library High School Section 09/04/2013   NC 710 .L757 1996 4477 06/19/2019 1 09/04/2013 Books

Anyone can draw :

APA

Linley M., . (1996). Anyone can draw. U.K: Right way books.

Chicago

Linley Mark, . 1996. Anyone can draw. U.K: Right way books.

Harvard

Linley M., . (1996). Anyone can draw. U.K: Right way books.

MLA

Linley Mark, . Anyone can draw. U.K: Right way books. 1996.

  • Place hold
  • Print
  • Cite
  • Add to your cart (remove)
  • Save record
    BIBTEX Dublin Core MARCXML MARC (non-Unicode/MARC-8) MARC (Unicode/UTF-8) MARC (Unicode/UTF-8, Standard) MODS (XML) RIS
  • More searches
    Search for this title in:
    Other Libraries (WorldCat) Other Databases (Google Scholar) Online Stores (Bookfinder.com) Open Library (openlibrary.org)

Exporting to Dublin Core...

SOUTHVILLE LIBRARY

Southville International School and Colleges Library

1281 Tropical Ave. Cor. Luxembourg St., BF Homes International, Las Pinas City

Tel. No. 8256374 / 252358 Loc. 117/146

Powered by Koha